000 01131nam a22001937a 4500
003 OSt
005 20251113094303.0
008 251109b |||||||| |||| 00| 0 eng d
040 _cDCL
082 _a၂၉၄.၃၈၂၃၅၆
130 _aတိပိဋက။
_pသုတ္တန္တပိဋက။
_pခုဒ္ဒကနိကာယ။
_tထေရအပါဒါန်၊
_lပါဠိတော်၊
_sနိဿယ။
245 _aထေရအပါဒါန် ပါဠိတော်နိဿယ ၊
_bပထမတွဲ /
_cအသျှင်ဇာဂရမထေရ်။
264 _aမန္တလေး ၊
_bမန္တလေးတောင်ပိဋကတ်စာပုံနှိပ်တိုက်၊
_c၁၉၂၆။
300 _a၄၈၈ စာမျက်နှာ ၊
_c၃၀ စင်တီ။
650 _aထေရပဒါန်
_vပါဠိတော်နိဿယ။
650 _aထေရအပါဒါန်
_vပါဠိတော်နိဿယ။
700 _aဇာဂရမထေရ်၊ အသျှင်။
942 _2ddc
_cSHORT TERM
_n0
999 _c2446
_d2446